Một số chứng tích về ngôn ngữ, văn tự và văn hoá

Sparad:
Bibliografiska uppgifter
Huvudupphovsman: Nguyễn Tài Cẩn
Materialtyp: Bok
Språk:Undetermined
Publicerad: H. ĐHQG 2003
Ämnen:
Taggar: Lägg till en tagg
Inga taggar, Lägg till första taggen!
Thư viện lưu trữ: Trung tâm Học liệu Trường Đại học Cần Thơ
LEADER 00557nam a2200181Ia 4500
001 CTU_55592
008 210402s9999 xx 000 0 und d
020 |b 30600 
082 |a 495.92209 
082 |b C121 
100 |a Nguyễn Tài Cẩn 
245 0 |a Một số chứng tích về ngôn ngữ, văn tự và văn hoá 
245 0 |c Nguyễn Tài Cẩn 
260 |a H. 
260 |b ĐHQG 
260 |c 2003 
650 |a vietnamese language,historical linguistics 
980 |a Trung tâm Học liệu Trường Đại học Cần Thơ